| 000 | 00987nam a22003017a 4500 | ||
|---|---|---|---|
| 003 | CHAP | ||
| 005 | 20220329140329.0 | ||
| 008 | 971013s1958 r 00010 d | ||
| 010 | _a50510 | ||
| 011 | _a51482 | ||
| 035 | _a55632 | ||
| 040 | _cCHAP | ||
| 100 | 0 | 0 |
_aValle, Armando José. _9117626 |
| 245 | _aDevelopment of extension work through a pilot project approach in Honduras | ||
| 260 |
_a(s.l.) : _bThe author, _c1958 |
||
| 300 | _a64 p. | ||
| 500 | _aThesis (Master in Science) -- Cornell Univ. Graduate School | ||
| 590 |
_aBATCH-UPD _b10 _c20130110 _lUCH01 _h0351 |
||
| 590 |
_aBATCH-UPD _b10 _c20130110 _lUCH01 _h2004 |
||
| 590 |
_aBATCH-UPD _b10 _c20130410 _lUCH01 _h0024 |
||
| 590 |
_aBATCH-UPD _b10 _c20130914 _lUCH01 _h1146 |
||
| 590 |
_aCONVERSION _b10 _c20130109 _lUCH01 _h1327 |
||
| 650 | 1 | 4 |
_aDesarrollo de la comunidad rural. _931995 |
| 650 | 1 | 4 |
_aExtensión agrícola _xHonduras. _939167 |
| 901 | _aBK | ||
| 942 | _cTESIS | ||
| 949 |
_bBC _cTES _d-121945 _eTS1 _i55632 _si |
||
| 999 |
_c50510 _d50510 |
||